[Event "It (open)"]
[Site "masterchessopen.com – Jakarta (Indonesia)"]
[Date "2011.10.14"]
[Round "3"]
[White "Abdumalik Zhansaya (KAZ)"]
[Black "Guramishvili Sopiko (GEO)"]
[Result "0-1"]
[WhiteElo "2030"]
[BlackElo "2359"]

1.e4 e5 2.Nf3 Nc6 3.Bb5 a6 4.Ba4 Nf6 5.O-O Be7 6.Re1 b5 7.Bb3 d6 8.c3 O-O 9.h3
Nb8 10.d3 Nbd7 11.Nbd2 Bb7 12.Nf1 Nc5 13.Bc2 Re8 14.Ng3 Bf8 15.Bg5 h6 16.Be3
g6 17.Qe2 d5 18.Rad1 dxe4 19.dxe4 Qc8 20.Bxc5 Bxc5 21.Bb3 Bf8 22.c4 c5 23.Nh2
Bc6 24.Nhf1 Qb7 25.f3 Rad8 26.Qc2 Nd7 27.Ne3 Nb6 28.Ne2 h5 29.Qc3 Rd4 30.g4
Bh6 31.cxb5 axb5 32.Kf2 Qe7 33.Ng2 b4 34.Qc2 Rxd1 35.Qxd1 c4 36.Bc2 hxg4
37.hxg4 Rd8 38.Qb1 Qc5+ 39.Kf1 Kg7 40.Rd1 Rh8 41.Ng1 Bg5 42.b3 Rh1 43.Ke2 Rh2
44.Kf1 Bh4 45.Rd2 Rh1 46.Nxh4 Rxg1+ 47.Ke2 Rxb1 48.Bxb1 c3 49.Rd1 c2 50.Rc1
Bb5+ {#R} 0-1

[Event "Cup Autumn"]
[Site "masterchessopen.com – Ivrea (Italy)"]
[Date "2011.11.03"]
[Round "6"]
[White "Razzano Lorenzo (ITA)"]
[Black "Paonessa Denis (ITA)"]
[Result "1-0"]
[WhiteElo "1927"]
[BlackElo "1882"]

1.e4 e5 2.Nf3 Nc6 3.Bb5 a6 4.Ba4 Nf6 5.O-O Be7 6.Re1 b5 7.Bb3 O-O 8.h3 d6 9.c3
Nb8 10.d3 Nbd7 11.a4 Bb7 12.Bc2 c5 13.Nbd2 Re8 14.Nf1 Bf8 15.g4 g6 16.Ng3 Bg7
17.g5 Nh5 18.Nxh5 gxh5 19.Nh4 Nf8 20.Qxh5 Ng6 21.Nf5 Nf4 22.Bxf4 exf4 23.axb5
axb5 24.Rxa8 Bxa8 25.d4 Re6 26.Nxg7 Kxg7 27.e5 h6 28.h4 cxd4 29.cxd4 Qa5
30.Rd1 Qd8 31.d5 {#r} 1-0

[Event "Ch World (juniors) (under 10) (g)"]
[Site "masterchessopen.com – Caldas Novas (Brazil)"]
[Date "2011.11.20"]
[Round "4"]
[White "Shuvalova Polina"]
[Black "Li Yunshan"]
[Result "0-1"]
[WhiteElo "1522"]
[BlackElo "1760"]

1.e4 e5 2.Nf3 Nc6 3.Bb5 a6 4.Ba4 Nf6 5.O-O Be7 6.Re1 b5 7.Bb3 d6 8.c3 O-O 9.h3
Nb8 10.d3 Nfd7 11.Nbd2 Bb7 12.Nf1 Nc5 13.Bc2 Re8 14.Ne3 g6 15.Nd2 Ne6 16.g3
Bf8 17.Kh2 Bh6 18.Ndf1 Bg7 19.Bd2 d5 20.exd5 {#R} 0-1

[Event "It \"]
[Site "masterchessopen.com – Kecskemet (Hungary)"]
[Date "2011.11.22"]
[Round "5"]
[White "Hajnal Zoltan (HUN)"]
[Black "Hou Qiang (CHN)"]
[Result "0-1"]
[WhiteElo "2425"]
[BlackElo "2322"]

1.e4 e5 2.Nf3 Nc6 3.Bb5 a6 4.Ba4 Nf6 5.O-O Be7 6.Re1 b5 7.Bb3 d6 8.c3 O-O 9.h3
Nb8 10.d3 Nbd7 11.Nbd2 Bb7 12.Nf1 Nc5 13.Bc2 Ne6 14.Ng3 g6 15.Bh6 Ng7 16.Nh2
d5 17.Ng4 Nxg4 18.hxg4 Bg5 19.Bxg5 Qxg5 20.exd5 Bxd5 21.Ne4 Bxe4 22.Rxe4 f5
23.Rxe5 Qf4 24.d4 fxg4 25.Qe2 g3 26.Rf1 Nh5 27.a4 Qh4 28.Rxh5 gxf2+ 29.Rxf2
Qxf2+ 30.Qxf2 Rxf2 31.Kxf2 gxh5 32.Kg3 Re8 {#R} 0-1

[Event "It (open) (w)"]
[Site "masterchessopen.com – Moscow (Russia)"]
[Date "2012.02.01"]
[Round "5"]
[White "Shuvalova Polina (RUS)"]
[Black "Vlasova Daria (RUS)"]
[Result "0-1"]
[WhiteElo "1581"]
[BlackElo "1849"]

1.e4 e5 2.Nf3 Nc6 3.Bb5 a6 4.Ba4 Nf6 5.O-O Be7 6.Re1 b5 7.Bb3 d6 8.c3 O-O 9.h3
Nb8 10.d3 Nbd7 11.Nbd2 c5 12.Nf1 Qc7 13.Bc2 d5 14.Ne3 dxe4 15.Nf5 Re8 16.Nxe7+
Rxe7 17.dxe4 Bb7 18.Nh4 c4 19.Nf5 Re6 20.g4 Nc5 21.f3 Rd8 22.Qe2 g6 23.Kh1
gxf5 24.gxf5 Red6 25.Bh6 Kh8 26.Rg1 Nh5 27.f6 Rxf6 28.Bg5 Rg6 29.Bxd8 Qxd8
30.Qf2 Qe7 31.b4 Ne6 32.Rxg6 hxg6 33.a4 Nef4 34.Kh2 Qd7 35.Rh1 Nxh3 36.Rd1
Qxd1 {#R} 0-1

[Event "It \"]
[Site "masterchessopen.com – Los Angeles (USA)"]
[Date "2012.02.22"]
[Round "1"]
[White "Amanov Zhanibek (KAZ)"]
[Black "Remlinger Larry (USA)"]
[Result "1-0"]
[WhiteElo "2402"]
[BlackElo "2402"]

1.e4 e5 2.Nf3 Nc6 3.Bb5 a6 4.Ba4 Nf6 5.O-O Be7 6.Re1 b5 7.Bb3 d6 8.c3 O-O 9.h3
Nb8 10.d3 Nbd7 11.Nbd2 Nc5 12.Bc2 Re8 13.Nf1 Bf8 14.Ng3 g6 15.d4 Ncd7 16.h4 c6
17.h5 Qc7 18.hxg6 hxg6 19.Bg5 Bg7 20.Qd2 Nb6 21.b3 a5 22.Rad1 Be6 23.Bh6 Bh8
24.dxe5 dxe5 25.Qd6 Qxd6 26.Rxd6 Rec8 27.Nxe5 Ne8 28.Rxc6 Bxe5 29.Rxb6 Rxc3
30.Bd1 Bxg3 31.fxg3 a4 32.Rxb5 axb3 33.Bxb3 Bxb3 34.Rxb3 Rc2 35.a3 Ra2 36.Reb1
R2xa3 37.Rxa3 Rxa3 38.Rb8 Kh7 39.Bg5 Rxg3 40.Be7 Ng7 41.Rf8 Nh5 42.Rxf7+ Kg8
43.Rf8+ Kg7 44.Bd6 Rd3 45.Rd8 Kf7 46.e5 Rd2 47.g4 Ng3 48.Rf8+ Ke6 49.Rf6+ Kd5
50.Rxg6 Ne2+ 51.Kf1 Nf4 52.Rf6 Nd3 53.Rf5 Ke6 54.Rf6+ Kd5 55.Bb4 Ra2 56.e6
Ra1+ 57.Ke2 Nxb4 58.e7 Nd3 59.Rf1 Nc1+ 60.Rxc1 Ra8 61.Kf3 Ke6 62.Re1+ Kf7
63.Kf4 Ke8 64.Kg5 Ra5+ 65.Kh6 Ra6+ 66.Kh5 Rb6 67.g5 Rb5 68.Kh6 Rb2 69.g6 Rh2+
70.Kg7 Rg2 71.Kh7 Rh2+ 72.Kg8 Rg2 73.g7 Rg3 74.Re6 Rh3 75.Re5 Rh2 76.Rd5 Kxe7
77.Re5+ Kd6 78.Re4 Kd7 79.Kf7 {#r} 1-0

[Event "Ch Norway (club)"]
[Site "masterchessopen.com – Fagernes (Norway)"]
[Date "2012.06.09"]
[Round "3"]
[White "Berg Emanuel (SWE)"]
[Black "Mihajlov Sebastian (NOR)"]
[Result "1-0"]
[WhiteElo "2559"]
[BlackElo "2053"]

1.e4 e5 2.Nf3 Nc6 3.Bb5 a6 4.Ba4 Nf6 5.O-O Be7 6.Re1 b5 7.Bb3 d6 8.c3 O-O 9.h3
Nb8 10.d3 Nbd7 11.Nbd2 Bb7 12.Nf1 c6 13.Ng3 Re8 14.d4 g6 15.Bh6 Bf8 16.Bxf8
Rxf8 17.Qd2 c5 18.Rad1 exd4 19.cxd4 c4 20.Bc2 Re8 21.Qh6 Nf8 22.e5 Bxf3
23.exf6 Qxf6 24.gxf3 Rxe1+ 25.Rxe1 Qxd4 26.Qc1 Ne6 27.Be4 Rd8 28.Rd1 Qf6
29.Ne2 Qh4 30.f4 Qxh3 31.Qe3 Qg4+ 32.Kf1 Qh5 33.Rd5 Qh4 34.f5 Ng5 35.Bg2 gxf5
36.Rxf5 Ne6 37.Ng3 Qd4 38.Qe2 Ng7 39.Rd5 Qf6 40.Ne4 Qe6 41.Qd2 Ne8 42.Qg5+ Kf8
43.Qxd8 Qxd5 44.Qxe8+ {#r} 1-0

[Event "Memorial L.Polugaevsky (open)"]
[Site "masterchessopen.com – Samara (Russia)"]
[Date "2012.07.09"]
[Round "5"]
[White "Bakin Alexander (RUS)"]
[Black "Litvinov Maxim (RUS)"]
[Result "1-0"]
[WhiteElo "2176"]
[BlackElo "1947"]

1.e4 e5 2.Nf3 Nc6 3.Bb5 a6 4.Ba4 Nf6 5.O-O Be7 6.Re1 b5 7.Bb3 d6 8.c3 O-O 9.h3
Nb8 10.d3 Nbd7 11.Nbd2 Nc5 12.Bc2 Re8 13.Nf1 Bf8 14.Ng3 g6 15.Nh2 d5 16.Bg5
dxe4 17.d4 exd4 18.Qxd4 Qxd4 19.cxd4 Ncd7 20.Nxe4 Bg7 21.Nxf6+ Nxf6 22.Bxf6
Rxe1+ 23.Rxe1 Bxf6 24.Re8+ Kg7 25.Be4 Rb8 26.Nf3 Bf5 27.Rxb8 Bxe4 28.Ne5 c5
29.Re8 cxd4 30.Nd7 Bd5 31.Nxf6 Kxf6 32.b3 a5 33.Rb8 d3 34.Kf1 Ke6 35.f3 Bc6
36.Kf2 a4 37.Ke3 axb3 38.axb3 h5 39.h4 Ke5 40.Rb6 Kd5 41.b4 Bd7 42.Kxd3 Bf5+
43.Kc3 Bd7 44.Rb7 Kc6 45.Ra7 Be6 46.Kd4 Bc4 47.Ke5 Bf1 48.g4 hxg4 49.fxg4 Bc4
50.h5 {#r} 1-0

[Event "It (open)"]
[Site "masterchessopen.com – Leiden (Netherlands)"]
[Date "2012.07.10"]
[Round "5"]
[White "Rijnaarts Sjef (NED)"]
[Black "De Jong Jan Willem (NED)"]
[Result "0-1"]
[WhiteElo "2319"]
[BlackElo "2429"]

1.e4 e5 2.Nf3 Nc6 3.Bb5 a6 4.Ba4 Nf6 5.O-O Be7 6.Re1 b5 7.Bb3 d6 8.c3 O-O 9.h3
Nb8 10.d3 Nbd7 11.Nbd2 Bb7 12.Nf1 Nc5 13.Bc2 Re8 14.b4 Ncd7 15.a3 Bf8 16.Ne3
c6 17.Bb3 d5 18.Qc2 g6 19.Qa2 Nb6 20.exd5 cxd5 21.Nh2 Bg7 22.Neg4 Nxg4 23.hxg4
Rc8 24.Bd2 Qd7 25.Rad1 h6 26.Be3 d4 27.cxd4 exd4 28.Bd2 Bd5 29.Rxe8+ Rxe8
30.Re1 Rxe1+ 31.Bxe1 Qe6 32.Bxd5 Nxd5 33.Nf3 Nf4 34.Qxe6 fxe6 35.Kf1 Nxd3
36.Nd2 Kf7 37.Ne4 Bf8 38.Ke2 Ne5 39.g5 h5 40.Bd2 Nc4 41.Bc1 e5 42.Kd3 Ke6
43.f4 exf4 44.Kxd4 Kf5 45.Nc5 h4 46.Nd3 Bg7+ 47.Kc5 Ne3 48.Kb6 Nxg2 49.Kxa6
Bd4 {#R} 0-1

[Event "It (open)"]
[Site "masterchessopen.com – Paleochora (Greece)"]
[Date "2012.07.17"]
[Round "3"]
[White "Sivuk Vitaly (UKR)"]
[Black "Navalgund Niranjan (IND)"]
[Result "1-0"]
[WhiteElo "2467"]
[BlackElo "2130"]

1.e4 e5 2.Nf3 Nc6 3.Bb5 a6 4.Ba4 Nf6 5.O-O Be7 6.Re1 b5 7.Bb3 d6 8.c3 O-O 9.h3
Nb8 10.d3 Nbd7 11.Nbd2 Nc5 12.Bc2 Ne6 13.d4 Nd7 14.a4 Bb7 15.Nf1 Ng5 16.Bxg5
Bxg5 17.axb5 axb5 18.Rxa8 Bxa8 19.dxe5 Nxe5 20.Nxe5 dxe5 21.Qe2 Qb8 22.b4 Qb6
23.Qg4 Bf6 24.Ng3 Rd8 25.Bb3 Bb7 26.Rd1 Rxd1+ 27.Qxd1 Qc6 28.Qg4 g6 29.Nh5 Qd6
30.Qd7 Qe7 31.Qxb5 gxh5 32.Qxb7 Qd6 33.Bd5 Be7 34.Qc8+ Bd8 35.c4 Kg7 36.c5 Qf6
37.Qd7 Be7 38.Qxc7 Qg5 39.g3 h4 40.g4 h5 41.Qd7 hxg4 42.Qxg4 Qxg4+ 43.hxg4 f6
44.Kg2 Kh6 45.Bc4 Kg5 46.Kf3 Bf8 47.Bf1 Be7 48.Bg2 Bf8 49.Bh3 Be7 50.Ke3 Bf8
51.Kd3 Kf4 52.Kc4 Kf3 53.b5 Be7 54.b6 Bd8 55.Kb5 Kxf2 56.c6 {#r} 1-0

[Event "It (open)"]
[Site "masterchessopen.com – Pardubice (Czech Republic)"]
[Date "2012.07.26"]
[Round "7"]
[White "Boros Denes (HUN)"]
[Black "Kigel Dmytro (UKR)"]
[Result "1-0"]
[WhiteElo "2485"]
[BlackElo "2276"]

1.e4 e5 2.Nf3 Nc6 3.Bb5 a6 4.Ba4 Nf6 5.O-O Be7 6.Re1 b5 7.Bb3 d6 8.c3 O-O 9.h3
Nb8 10.d3 Nbd7 11.Nbd2 Bb7 12.Nf1 Re8 13.Ng3 Nc5 14.Bc2 Bf8 15.b4 Ncd7 16.Bb3
d5 17.Bg5 c5 18.bxc5 dxe4 19.Nxe4 h6 20.Bxf6 Nxf6 21.Ng3 e4 22.dxe4 Nxe4
23.Nxe4 Bxe4 24.Nd4 Qg5 25.g3 Qg6 26.a4 Bxc5 27.axb5 axb5 28.Rxa8 Rxa8 29.Qe2
Bc6 30.Bc2 Qd6 31.Qd3 g6 32.Nxc6 Qxc6 33.Bb3 Qd6 34.Qf3 Rf8 35.Kg2 Kg7 36.Re4
b4 37.Rf4 Qe7 38.Rc4 Kg8 39.Qc6 Bd6 40.Rd4 Rd8 41.cxb4 Qf6 42.Rf4 Qe7 43.Rxf7
Qxf7 44.Bxf7+ Kxf7 45.b5 Bb8 46.Qb7+ {#r} 1-0

[Event "Olympiad"]
[Site "masterchessopen.com – Istanbul (Turkey)"]
[Date "2012.08.29"]
[Round "2"]
[White "Moen Andreas (NOR)"]
[Black "Illingworth Max (AUS)"]
[Result "1-0"]
[WhiteElo "2392"]
[BlackElo "2360"]

1.e4 e5 2.Nf3 Nc6 3.Bb5 a6 4.Ba4 Nf6 5.O-O Be7 6.Re1 b5 7.Bb3 d6 8.c3 O-O 9.h3
Nb8 10.d3 Nbd7 11.Nbd2 Bb7 12.Nf1 Nc5 13.Bc2 Re8 14.Ng3 Bf8 15.b4 Ne6 16.a4 g6
17.Bb3 Bg7 18.Ng5 Nxg5 19.Bxg5 h6 20.Be3 d5 21.Qc2 c6 22.a5 Rc8 23.d4 Qe7
24.dxe5 Qxe5 25.Bd4 Qf4 26.e5 Nd7 27.e6 Ne5 28.exf7+ Qxf7 29.Ne4 Rcd8 30.Bb6
Rd7 31.Nc5 Rde7 32.Re3 Bc8 33.Rae1 g5 34.Qe2 Ng6 35.Qd2 Nf4 36.Ne4 Be5 37.Bc5
Re6 38.Ng3 Bc7 39.Bc2 Rxe3 40.Rxe3 Rxe3 41.Bxe3 Ng6 42.Bxg6 Qxg6 43.Bd4 Be6
44.Qe2 Bf4 45.Be5 Bf7 46.Bxf4 gxf4 47.Nf1 Qd6 48.Qg4+ Kh7 49.Qf5+ Kg7 50.Nd2
Bg6 51.Qc8 d4 52.cxd4 Qxd4 53.Nf3 Qxb4 54.Qxa6 Qb1+ 55.Kh2 Qc2 56.Qb7+ Kf6
57.a6 c5 58.Qc6+ Kg7 59.a7 Be4 60.a8=Q Bxc6 61.Qxc6 b4 62.Qd7+ Kf6 63.Qd6+ Kg7
64.Nd2 Qf5 65.Qe7+ Kg6 66.Qd6+ Kg7 67.Qc7+ Kg6 68.Nb3 Qc2 69.Qd6+ Kh7 70.Nxc5
Qxf2 71.Nd3 Qg3+ 72.Kg1 Qe3+ 73.Kh1 b3 74.Qd7+ Kg6 75.Qc6+ Kg5 76.Qb5+ Kg6
77.Qxb3 f3 78.Qg8+ Kf5 79.Qg4+ Kf6 80.Qxf3+ {#r} 1-0

[Event "Olympiad (w)"]
[Site "masterchessopen.com – Istanbul (Turkey)"]
[Date "2012.09.01"]
[Round "5"]
[White "Hairapetian Anna (ARM)"]
[Black "Bhatia Kanwal (ENG)"]
[Result "0-1"]
[WhiteElo "2203"]
[BlackElo "2103"]

1.e4 e5 2.Nf3 Nc6 3.Bb5 a6 4.Ba4 Nf6 5.O-O Be7 6.Re1 b5 7.Bb3 d6 8.c3 O-O 9.h3
Nb8 10.d3 Nbd7 11.Nbd2 Bb7 12.Nf1 Nc5 13.Bc2 Re8 14.Ng3 Bf8 15.b4 Ncd7 16.Bb3
h6 17.Bb2 c5 18.Qd2 g6 19.a4 Bg7 20.axb5 axb5 21.Rxa8 Bxa8 22.Ra1 d5 23.exd5
Bxd5 24.c4 bxc4 25.Bxc4 Qb8 26.b5 Bxc4 27.dxc4 e4 28.Ne1 e3 29.Qc2 Qf4 30.Nh1
Nb6 31.Nd3 Qxc4 32.Qxc4 Nxc4 33.Bxf6 Bxf6 34.Rc1 Nd6 35.fxe3 c4 36.Nf4 Rxe3
37.Nd5 Bd4 38.Kf1 Rb3 39.Ne7+ Kf8 40.Nc6 Bb2 41.Rc2 Rxb5 42.Nf2 Ke8 43.Nd1 Bg7
44.Nc3 Rb6 45.Re2+ Kd7 46.Ne5+ Bxe5 47.Rxe5 Rb3 48.Ne2 c3 49.Nd4 Rb2 50.Re2
Nc4 51.Kf2 Kd6 52.Nc2 Kd5 53.g3 Nd2 54.Ne3+ Kd4 55.Ke1 Nf3+ 56.Kf2 Rxe2+
57.Kxe2 Ng1+ 58.Kf2 Kd3 59.h4 Ne2 60.Nd5 Kd2 61.Nb4 Nd4 62.g4 c2 63.Na2 Nb5
{#R} 0-1

[Event "Ch City"]
[Site "masterchessopen.com – Vienna (Austria)"]
[Date "2012.09.17"]
[Round "3"]
[White "Stanec Nikolaus (AUT)"]
[Black "Wallner Joachim (AUT)"]
[Result "1-0"]
[WhiteElo "2515"]
[BlackElo "2380"]

1.e4 e5 2.Nf3 Nc6 3.Bb5 a6 4.Ba4 Nf6 5.O-O Be7 6.Re1 b5 7.Bb3 d6 8.c3 O-O 9.h3
Nb8 10.d3 Bb7 11.Nbd2 Nbd7 12.Nf1 Re8 13.Ng3 Nc5 14.Bc2 Bf8 15.Nf5 a5 16.Bg5
Ne6 17.Bd2 c5 18.a4 b4 19.Bb3 Bc6 20.Qc2 Rc8 21.Ne3 Nf4 22.Nc4 N6h5 23.Kh2 Bd7
24.Ng1 Re6 25.Ne3 Rg6 26.g3 Qf6 27.Nf5 Bxf5 28.exf5 Qxf5 29.gxf4 Nxf4 30.Bxf4
exf4 31.Qe2 Qg5 32.Qf3 {#r} 1-0